[Event "SRB-chT2 West"]
[Site "Serbia"]
[Date "2007.10.21"]
[Round "11"]
[White "Radosavljevic, Slobodan S"]
[Black "Agovic, Mirsad"]
[Result "1-0"]
[WhiteElo "2053"]
[BlackElo "2080"]
[PlyCount "85"]
[EventDate "2007.09.09"]
[EventType "team"]
[EventRounds "11"]
[EventCountry "SRB"]
[SourceTitle "EXT 2012"]
[Source "ChessBase"]
[SourceDate "2011.11.24"]
[SourceVersion "1"]
[SourceVersionDate "2011.11.24"]
[SourceQuality "1"]
[WhiteTeam "Cacak Borac"]
[BlackTeam "Prijepolje Priko"]
[WhiteTeamCountry "SRB"]
[BlackTeamCountry "SRB"]

1. d4 Nf6 2. Nf3 g6 3. g3 Bg7 4. Bg2 c5 5. 0-0 Na6 6. c4 0-0 7. Nc3 d6 8. e4 h6 9. h3 Bd7 10. Be3 Qc7 11. e5 Ne8 12. Nd5 Qd8 13. Qd2 Kh7 14. Rad1 Bc6 15. dxc5 dxc5 16. Qc3 Bxd5 17. cxd5 Rc8 18. a3 b6 19. Nd2 Nac7 20. Nc4 Nd6 21. f4 Nf5 22. Bf2 Nd4 23. Bxd4 Nb5 24. Qe3 Nxd4 25. b4 Nc2 26. Qd3 cxb4 27. Qxc2 b5 28. Rd4 bxc4 29. Rxc4 Qb6+ 30. Kh2 b3 31. Qc3 Rxc4 32. Qxc4 b2 33. Rb1 Rb8 34. Qc6 Qe3 35. d6 exd6 36. Qf3 Qc1 37. Qd3 dxe5 38. f5 Rb6 39. fxg6+ fxg6 40. Be4 Rf6 41. h4 h5 42. Qe2 Rb6 43. Qxh5+ 1-0

[Event "Belgrade Spring op"]
[Site "Belgrade"]
[Date "2003.03.28"]
[Round "4"]
[White "Brakus, Dragan"]
[Black "Agovic, Mirsad"]
[Result "1-0"]
[WhiteElo "2015"]
[BlackElo "2003"]
[PlyCount "120"]
[EventDate "2003.03.25"]
[EventType "swiss"]
[EventRounds "9"]
[EventCountry "YUG"]
[SourceTitle "CBM 093 Extra"]
[Source "ChessBase"]
[SourceDate "2003.05.09"]
[SourceVersion "1"]
[SourceVersionDate "2003.05.09"]
[SourceQuality "1"]

1. e4 c5 2. Nf3 e6 3. d4 cxd4 4. Nxd4 a6 5. c4 Qc7 6. Nc3 Nf6 7. Nb3 b6 8. Bd3 Nc6 9. 0-0 Ne5 10. Qe2 Bb7 11. f4 Nxd3 12. Qxd3 d6 13. Be3 Rc8 14. Rac1 Qxc4 15. Qxc4 Rxc4 16. Bxb6 Bxe4 17. Nd2 Rc6 18. Ncxe4 Rxb6 19. Nc4 Rb8 20. Ncxd6+ Bxd6 21. Nxd6+ Ke7 22. Nc4 Rhc8 23. b3 Rb5 24. Ne5 Rbc5 25. Rc4 Rxc4 26. Nxc4 Rc5 27. Re1 Nd5 28. f5 Nc3 29. fxe6 fxe6 30. a3 a5 31. a4 Nxa4 32. Ra1 Nc3 33. Rxa5 Rxa5 34. Nxa5 Kd6 35. Kf2 Kc5 36. Ke3 Nd5+ 37. Ke2 Nc3+ 38. Kd3 Nd5 39. Ke4 Nf6+ 40. Kf4 Kd5 41. Nc4 Nd7 42. Ke3 Nc5 43. Nd2 e5 44. b4 Nb7 45. Nb3 Nd6 46. Nc5 Nf5+ 47. Kd3 Nh4 48. g3 Nf3 49. h4 Nd4 50. Ne4 h5 51. Nc3+ Ke6 52. b5 Nf5 53. b6 Kd6 54. Ne2 Ne7 55. Ke4 g6 56. Nc3 Nf5 57. Ne2 Ne7 58. b7 Nc6 59. Nc1 Nb8 60. Nd3 Nd7 1-0